000
00332nam a2200145Ia 4500
008
150201s2012 xx 000 0 und d
082
_a
612
_b
P13P
100
_a
PAL, G.K.
245
_a
PRACTICAL PHYSIOLOGY
250
_a
3RD
260
_b
UNIVERSITIES PRESS
_a
HYD
_c
2012
300
_a
436
650
_a
PHYSIOLOGY
942
_2
ddc
_c
BK
999
_c
2176
_d
2176